000 01018nam2a2200253 4500
001 RU\NLR\bibl\1117074
005 20250615063653.0
010 _a978-5-7853-0781-X
_bч. 1
_923000
021 _aRU
_b2007-44355
_92370
035 _a(NLR Aleph) 001104074
090 _a1196575
_c1196575
100 _a20070813d2007 |||y0rusy50 ca
101 0 _arus
102 _aRU
105 _aag |||||||||
200 0 _aЧ. 1
210 _d2007
_aБ. м.
215 _a112 с.
_cцв. ил., нот.
461 0 _1001RU\NLR\bibl\1123217
_12001#$aШаги 2$vЧ. 1
_91233088
_aБим, И. Л. (1926-2011)
_cМосква
_d2007
_e10-е изд.
_fИ. Л. Бим, Л. М. Санникова, Л. В. Садомова
_nПросвещение
_oучебник немецкого языка : для 6 класса общеобразовательных учреждений : в 4 ч.
_tШаги 2
_y978-5-7853-0780-3
_vЧ. 1
801 0 _aRU
_bNLR
_c20070813
_gRCR
801 1 _aRU
_bNLR
_c20070813
942 _cBOOK
980 _aNB